[Event "FRA-chT Top 16 GpA"]
[Site "Chartres"]
[Date "2023.06.07"]
[Round "7.2"]
[White "Guilleux, Fabien"]
[Black "Vallee, Louis"]
[Result "0-1"]
[WhiteElo "2392"]
[BlackElo "2131"]
[PlyCount "81"]
[EventDate "2023.06.01"]
[EventType "team-tourn"]
[EventRounds "7"]
[EventCountry "FRA"]
[SourceTitle "CBM 214 Extra"]
[Source "ChessBase"]
[SourceDate "2023.07.31"]
[SourceVersion "1"]
[SourceVersionDate "2023.07.31"]
[SourceQuality "1"]
[WhiteTeam "Chalon"]
[BlackTeam "Vandoeuvre"]
[WhiteTeamCountry "FRA"]
[BlackTeamCountry "FRA"]

1. d4 d5 2. c4 e6 3. Nf3 c5 4. cxd5 exd5 5. g3 Be7 6. Bg2 c4 7. 0-0 Nf6 8. b3 cxb3 9. Qxb3 0-0 10. Bg5 Nc6 11. Nc3 Na5 12. Qb1 Be6 13. Bxf6 Bxf6 14. e3 Rc8 15. Rc1 Qd7 16. Ne1 Be7 17. Nd3 Ba3 18. Rc2 Rc7 19. Ne2 Rxc2 20. Qxc2 Rc8 21. Qd1 g5 22. Ne5 Qe8 23. Qd3 Bd6 24. e4 dxe4 25. Bxe4 f6 26. Nf3 Bc4 27. Qe3 Rc7 28. Bxh7+ Kf8 29. Qxe8+ Kxe8 30. Bg6+ Kf8 31. Nc3 Kg7 32. Bf5 Bb4 33. Ne4 Bd5 34. Nfd2 Rc2 35. Nb3 Nxb3 36. axb3 Re2 37. Nc5 Bc3 38. Rd1 b6 39. Bg4 Rb2 40. Be6 Bf3 41. Rc1 0-1

[Event "FRA-chT Top 16 GpA"]
[Site "Chartres"]
[Date "2023.06.06"]
[Round "6.22"]
[White "Guilleux, Fabien"]
[Black "Roos, Jean Luc"]
[Result "1-0"]
[WhiteElo "2392"]
[BlackElo "2184"]
[PlyCount "75"]
[EventDate "2023.06.01"]
[EventType "team-tourn"]
[EventRounds "7"]
[EventCountry "FRA"]
[SourceTitle "CBM 214 Extra"]
[Source "ChessBase"]
[SourceDate "2023.07.31"]
[SourceVersion "1"]
[SourceVersionDate "2023.07.31"]
[SourceQuality "1"]
[WhiteTeam "Chalon"]
[BlackTeam "Strasbourg"]
[WhiteTeamCountry "FRA"]
[BlackTeamCountry "FRA"]

1. Nf3 d5 2. g3 Nf6 3. Bg2 e6 4. 0-0 Be7 5. d3 c5 6. Nbd2 Nc6 7. e4 0-0 8. Re1 b5 9. e5 Nd7 10. Nf1 a5 11. h4 a4 12. a3 b4 13. Bf4 Nb6 14. Ne3 Ra7 15. h5 f5 16. d4 bxa3 17. bxa3 c4 18. Qd2 Bd7 19. Nd1 h6 20. Nh2 Qe8 21. Bf3 Qf7 22. Nc3 Ra6 23. Nf1 Rb8 24. Ne3 Qf8 25. Nb5 Nc8 26. Nc7 Ra5 27. Nexd5 Bxa3 28. Nc3 Rb7 29. Nxe6 Bxe6 30. Bxc6 Rba7 31. Nb5 Rxb5 32. Bxb5 c3 33. Qd3 Nb6 34. Bc6 Bb2 35. d5 Bf7 36. e6 Bxh5 37. d6 Bxa1 38. Rxa1 1-0

[Event "Vaujany op 12th"]
[Site "Vaujany"]
[Date "2021.07.15"]
[Round "1"]
[White "Adrian, Leopold"]
[Black "Guilleux, Fabien"]
[Result "1/2-1/2"]
[WhiteElo "2047"]
[BlackElo "2448"]
[PlyCount "75"]
[EventDate "2021.07.15"]
[EventType "swiss"]
[EventRounds "9"]
[EventCountry "FRA"]
[SourceTitle "EXT 2022"]
[Source "ChessBase"]
[SourceDate "2021.10.06"]
[SourceVersion "1"]
[SourceVersionDate "2021.10.06"]
[SourceQuality "1"]

1. c4 g6 2. Nf3 Bg7 3. d4 Nf6 4. g3 d5 5. cxd5 Nxd5 6. Bg2 Nb6 7. 0-0 Nc6 8. Bf4 Nxd4 9. Nxd4 Qxd4 10. Bxc7 Qxd1 11. Rxd1 0-0 12. Nc3 Nc4 13. Na4 a5 14. Rac1 Nxb2 15. Nb6 Nxd1 16. Rxd1 Ra7 17. Bb8 Ra6 18. Nxc8 Re6 19. Bxb7 Rxe2 20. a4 Rb2 21. Rd7 Rxc8 22. Bxc8 Rxb8 23. Ba6 Rb1+ 24. Kg2 Bf6 25. Bb5 Rb2 26. h4 e6 27. Rd3 Kf8 28. Re3 Bd4 29. Re2 Rb4 30. f4 Ke7 31. Bc6 h6 32. Bb5 Kf6 33. Be8 Ke7 34. Bb5 Bc3 35. Rc2 Rb3 36. Bc4 Ra3 37. Ra2 Rxa2+ 38. Bxa2 1/2-1/2

[Event "Cappelle op 36th"]
[Site "Cappelle la Grande"]
[Date "2020.02.26"]
[Round "6"]
[White "Stany, George Anthony"]
[Black "Guilleux, Fabien"]
[Result "1/2-1/2"]
[WhiteElo "2522"]
[BlackElo "2441"]
[PlyCount "76"]
[EventDate "2020.02.22"]
[EventType "swiss"]
[EventRounds "9"]
[EventCountry "FRA"]
[SourceTitle "CBM 195 Extra"]
[Source "ChessBase"]
[SourceDate "2020.05.31"]
[SourceVersion "1"]
[SourceVersionDate "2020.05.31"]
[SourceQuality "1"]

1. e4 c5 2. Nf3 d6 3. d4 cxd4 4. Nxd4 Nf6 5. Nc3 Nc6 6. f3 e5 7. Nb3 Be7 8. Be3 Be6 9. Nd5 0-0 10. Qd2 a5 11. Bb6 Qb8 12. Nxe7+ Nxe7 13. Bxa5 Nc6 14. Bb6 d5 15. Nc5 dxe4 16. fxe4 Nd4 17. Nxe6 fxe6 18. Bxd4 exd4 19. Qxd4 Qf4 20. Bd3 Rxa2 21. Rd1 Raa8 22. g3 Qf3 23. Rf1 Qh5 24. h4 Rad8 25. Qe3 Qe5 26. Bc4 Rxd1+ 27. Kxd1 Qxb2 28. Bxe6+ Kh8 29. Bb3 Qe5 30. Rf5 Rd8+ 31. Ke2 Qa1 32. Rf1 Qa6+ 33. Ke1 Qa5+ 34. Ke2 Qb5+ 35. Ke1 Qa5+ 36. Ke2 Qb5+ 37. Ke1 Qb4+ 38. Ke2 Qb5+ 1/2-1/2

[Event "Liffre op"]
[Site "Liffre"]
[Date "2019.10.23"]
[Round "7"]
[White "Enchev, Ivajlo"]
[Black "Guilleux, Fabien"]
[Result "1/2-1/2"]
[WhiteElo "2488"]
[BlackElo "2433"]
[PlyCount "41"]
[EventDate "2019.10.19"]
[EventType "swiss"]
[EventRounds "9"]
[EventCountry "FRA"]
[SourceTitle "CBM 192 Extra"]
[Source "Chessbase"]
[SourceDate "2019.11.06"]
[SourceVersion "1"]
[SourceVersionDate "2019.11.06"]
[SourceQuality "1"]

1. d4 Nf6 2. c4 g6 3. f3 Bg7 4. e4 0-0 5. Nc3 d6 6. Nge2 a6 7. Be3 Nc6 8. Qd2 Re8 9. Rc1 Rb8 10. d5 Ne5 11. b3 c5 12. Nf4 e6 13. Be2 exd5 14. Nfxd5 Be6 15. Bg5 Bxd5 16. Nxd5 Nc6 17. h4 Nd4 18. h5 Re5 19. h6 Bh8 20. Bh4 Rh5 21. Bxf6 1/2-1/2

[Event "Liffre op"]
[Site "Liffre"]
[Date "2019.10.21"]
[Round "4"]
[White "Guilleux, Fabien"]
[Black "Sundararajan, Kidambi"]
[Result "1/2-1/2"]
[WhiteElo "2433"]
[BlackElo "2422"]
[PlyCount "122"]
[EventDate "2019.10.19"]
[EventType "swiss"]
[EventRounds "9"]
[EventCountry "FRA"]
[SourceTitle "CBM 192 Extra"]
[Source "Chessbase"]
[SourceDate "2019.11.06"]
[SourceVersion "1"]
[SourceVersionDate "2019.11.06"]
[SourceQuality "1"]

1. d4 d5 2. c4 c6 3. Nf3 Nf6 4. Nc3 dxc4 5. a4 Bf5 6. e3 e6 7. Bxc4 Bb4 8. 0-0 0-0 9. Qe2 Bg4 10. Rd1 Qa5 11. Na2 Be7 12. b4 Qh5 13. h3 Bxf3 14. Qxf3 Qxf3 15. gxf3 Nbd7 16. f4 a5 17. Bd2 axb4 18. Nxb4 Nb6 19. Bb3 Ne4 20. Be1 c5 21. f3 Nc3 22. Bxc3 cxb4 23. Bd2 Rfc8 24. Rdc1 Nd5 25. f5 Nc3 26. Bxc3 Rxc3 27. Rxc3 bxc3 28. fxe6 fxe6 29. Bxe6+ Kf8 30. Bd5 Ra7 31. Rc1 Bb4 32. Bb3 Ra6 33. Kf2 Rh6 34. Rh1 Ba5 35. Bc2 g5 36. Bf5 Ke7 37. Rb1 b6 38. Ke2 Kf6 39. e4 Rh4 40. Ke3 h6 41. Bg4 h5 42. e5+ Kg6 43. Bd7 c2 44. Rc1 Bc3 45. d5 Bxe5 46. Rxc2 Bd4+ 47. Ke2 Kf6 48. Rc6+ Ke5 49. Rg6 Kxd5 50. Rxg5+ Kd6 51. Be8 Rxh3 52. Bxh5 Rh1 53. f4 Ra1 54. Be8 Ra3 55. Bb5 Re3+ 56. Kd2 Rf3 57. Rg6+ Ke7 58. Rg4 Kf6 59. Bd3 Rf2+ 60. Be2 Kf5 61. Rg8 Rxf4 1/2-1/2

[Event "Paris-ch 94th"]
[Site "Paris"]
[Date "2019.07.07"]
[Round "2"]
[White "Guilleux, Fabien"]
[Black "Le Quang, Kim"]
[Result "1-0"]
[WhiteElo "2442"]
[BlackElo "2243"]
[PlyCount "51"]
[EventDate "2019.07.07"]
[EventType "swiss"]
[EventRounds "9"]
[EventCountry "FRA"]
[SourceTitle "CBM 191 Extra"]
[Source "ChessBase"]
[SourceDate "2019.09.30"]
[SourceVersion "1"]
[SourceVersionDate "2019.09.30"]
[SourceQuality "1"]

1. Nf3 d6 2. d4 g6 3. c4 f5 4. g3 Nf6 5. Bg2 Bg7 6. 0-0 0-0 7. Nc3 Nc6 8. d5 Na5 9. Nd2 c5 10. Qc2 a6 11. Rb1 Rb8 12. b3 Qc7 13. Bb2 b5 14. Ba1 b4 15. Nd1 e5 16. dxe6 Bxe6 17. Ne3 Rbe8 18. Qd3 Kh8 19. Rfe1 Nc6 20. Rbd1 f4 21. gxf4 Nh5 22. Bxg7+ Kxg7 23. Nf3 Rd8 24. Ng5 Nxf4 25. Qe4 Ne5 26. Qxf4 1-0

[Event "Nancy Meurthe rapid 17th"]
[Site "Nancy"]
[Date "2019.02.24"]
[Round "5"]
[White "Fedorchuk, Sergey A"]
[Black "Guilleux, Fabien"]
[Result "1-0"]
[WhiteElo "2604"]
[BlackElo "2441"]
[PlyCount "91"]
[EventDate "2019.02.24"]
[EventType "swiss (rapid)"]
[EventRounds "9"]
[EventCountry "FRA"]
[SourceTitle "CBM 189 Extra"]
[Source "ChessBase"]
[SourceDate "2019.06.03"]
[SourceVersion "1"]
[SourceVersionDate "2019.06.03"]
[SourceQuality "1"]

1. e4 c5 2. Nf3 d6 3. d4 Nf6 4. Nc3 cxd4 5. Nxd4 Nc6 6. Bg5 Bd7 7. Be2 Qa5 8. Bxf6 gxf6 9. Nb3 Qg5 10. g3 f5 11. f4 Qh6 12. Qd2 Bg7 13. 0-0-0 0-0 14. exf5 Rfc8 15. g4 Nb4 16. Kb1 Qf6 17. a3 a5 18. g5 Qxf5 19. axb4 Rxc3 20. bxc3 axb4 21. Qd5 Qxd5 22. Rxd5 Bc6 23. c4 Bxd5 24. cxd5 h6 25. h4 hxg5 26. hxg5 Bc3 27. Bd3 Rf8 28. Kc1 e6 29. Kd1 exd5 30. Ke2 f6 31. g6 f5 32. Rh5 Kg7 33. Bxf5 Re8+ 34. Kf3 Re1 35. Rh7+ Kg8 36. Rxb7 Rh1 37. Be6+ Kf8 38. Rf7+ Ke8 39. f5 Rh3+ 40. Kg2 Rh5 41. Na5 Be5 42. Nc6 Rh2+ 43. Kf3 Rxc2 44. Rc7 Kf8 45. g7+ Bxg7 46. Rc8# 1-0

[Event "Liffre op"]
[Site "Liffre"]
[Date "2018.10.23"]
[Round "5"]
[White "Klip, Hans"]
[Black "Guilleux, Fabien"]
[Result "0-1"]
[WhiteElo "2301"]
[BlackElo "2410"]
[PlyCount "82"]
[EventDate "2018.10.20"]
[EventType "swiss"]
[EventRounds "9"]
[EventCountry "FRA"]
[SourceTitle "CBM 187 Extra"]
[Source "ChessBase"]
[SourceDate "2018.11.04"]
[SourceVersion "1"]
[SourceVersionDate "2018.11.04"]
[SourceQuality "1"]

1. e4 c5 2. Nf3 e6 3. Nc3 Nc6 4. Bb5 Nd4 5. Bd3 Nc6 6. Bb5 Nge7 7. 0-0 a6 8. Bxc6 Nxc6 9. d4 cxd4 10. Nxd4 Qc7 11. Re1 Bd6 12. Nxc6 dxc6 13. Qh5 e5 14. f4 b5 15. f5 Bb7 16. Bg5 Be7 17. Rad1 Bf6 18. Rd3 Rd8 19. Red1 Rxd3 20. Rxd3 Qe7 21. Bxf6 Qxf6 22. Qd1 0-0 23. b4 c5 24. a3 cxb4 25. axb4 Qe7 26. Qd2 Qxb4 27. f6 Bxe4 28. fxg7 Re8 29. Rd7 Bc6 30. Nd5 Qb1+ 31. Kf2 Bxd5 32. Rxd5 e4 33. Kg3 e3 34. Qe2 Qa2 35. Rd3 Qe6 36. h4 Qe5+ 37. Kh3 a5 38. g3 b4 39. Kh2 a4 40. Rd7 a3 41. Ra7 Qd5 0-1

[Event "Paris-ch 93rd"]
[Site "Paris"]
[Date "2018.07.15"]
[Round "3"]
[White "Guilleux, Fabien"]
[Black "Sochacki, Wojtek"]
[Result "1/2-1/2"]
[WhiteElo "2387"]
[BlackElo "2338"]
[PlyCount "50"]
[EventDate "2018.07.14"]
[EventType "swiss"]
[EventRounds "9"]
[EventCountry "FRA"]
[SourceTitle "CBM 185 Extra"]
[Source "ChessBase"]
[SourceDate "2018.07.29"]
[SourceVersion "1"]
[SourceVersionDate "2018.07.29"]
[SourceQuality "1"]

1. d4 Nf6 2. c4 e6 3. Nf3 d5 4. Nc3 c5 5. cxd5 Nxd5 6. e4 Nxc3 7. bxc3 cxd4 8. cxd4 Bb4+ 9. Bd2 Bxd2+ 10. Qxd2 0-0 11. Bc4 Nd7 12. 0-0 b6 13. Rfe1 Bb7 14. Rad1 Rc8 15. Bd3 Qe7 16. Qf4 f6 17. Rc1 e5 18. Qe3 Rxc1 19. Rxc1 exd4 20. Nxd4 Nc5 21. Nf5 Qe5 22. f4 Qb2 23. Bc4+ Kh8 24. Bd5 Ba6 25. Nd6 g6 1/2-1/2

[Event "Dieppe op-A 8th"]
[Site "Dieppe"]
[Date "2012.08.27"]
[Round "2"]
[White "Larcheveque, Francois"]
[Black "Guilleux, Fabien"]
[Result "0-1"]
[WhiteElo "2053"]
[BlackElo "2439"]
[PlyCount "58"]
[EventDate "2012.08.26"]
[EventType "swiss"]
[EventRounds "9"]
[EventCountry "FRA"]
[SourceTitle "EXT 2013"]
[Source "ChessBase"]
[SourceDate "2012.11.22"]
[SourceVersion "1"]
[SourceVersionDate "2012.11.22"]
[SourceQuality "1"]

1. d4 Nf6 2. c4 g6 3. Nc3 d5 4. Nf3 Bg7 5. Qb3 dxc4 6. Qxc4 0-0 7. e4 Nc6 8. Be2 Bg4 9. Be3 Bxf3 10. gxf3 e5 11. dxe5 Nxe5 12. Qa4 Nh5 13. Rd1 Qh4 14. Kd2 Nf4 15. Kc2 c6 16. Kb1 b5 17. Qc2 a5 18. Bxf4 Qxf4 19. Qd2 Qh4 20. Qe3 Bh6 21. Qc5 Rfe8 22. h3 a4 23. a3 Rab8 24. Na2 Bf8 25. Qe3 Nc4 26. Bxc4 bxc4 27. f4 Rb3 28. Qa7 Qxf4 29. Ka1 Bg7 0-1

[Event "Dieppe op-A 8th"]
[Site "Dieppe"]
[Date "2012.08.26"]
[Round "1"]
[White "Guilleux, Fabien"]
[Black "Marimoutou, Loic"]
[Result "1-0"]
[WhiteElo "2439"]
[BlackElo "1924"]
[PlyCount "75"]
[EventDate "2012.08.26"]
[EventType "swiss"]
[EventRounds "9"]
[EventCountry "FRA"]
[SourceTitle "EXT 2013"]
[Source "ChessBase"]
[SourceDate "2012.11.22"]
[SourceVersion "1"]
[SourceVersionDate "2012.11.22"]
[SourceQuality "1"]

1. Nf3 Nf6 2. c4 g6 3. Nc3 d5 4. Qa4+ Bd7 5. Qb3 Bc6 6. cxd5 Bxd5 7. Nxd5 Qxd5 8. Qa4+ Qd7 9. Qh4 Nc6 10. g3 Qg4 11. Qxg4 Nxg4 12. Bg2 Bg7 13. 0-0 0-0 14. d3 Nb4 15. Bd2 Nd5 16. Rac1 c6 17. b4 Rfd8 18. h3 Ngf6 19. Ne5 Nd7 20. Nc4 N7b6 21. Na5 Rd7 22. Nb3 Na4 23. Nc5 Nxc5 24. bxc5 Nc7 25. Rc4 Ne6 26. Rfc1 Rd4 27. R4c2 Rad8 28. Rb1 R8d7 29. Rcb2 Ra4 30. Rxb7 Rxb7 31. Rxb7 Rxa2 32. Rb8+ Nf8 33. Be3 Rxe2 34. Bxc6 Be5 35. Ra8 Ra2 36. d4 Bf6 37. Bd5 Ra4 38. c6 1-0

[Event "Figueres op 13th"]
[Site "Figueres"]
[Date "2012.08.15"]
[Round "8"]
[White "Simacek, Pavel"]
[Black "Guilleux, Fabien"]
[Result "1-0"]
[WhiteElo "2478"]
[BlackElo "2439"]
[PlyCount "89"]
[EventDate "2012.08.09"]
[EventType "swiss"]
[EventRounds "9"]
[EventCountry "ESP"]
[SourceTitle "CBM 149 Extra"]
[Source "ChessBase"]
[SourceDate "2012.08.24"]
[SourceVersion "1"]
[SourceVersionDate "2012.08.24"]
[SourceQuality "1"]

1. e4 c5 2. Nf3 d6 3. Bb5+ Bd7 4. c4 Nf6 5. Nc3 g6 6. 0-0 Nc6 7. Bxc6 Bxc6 8. Re1 Bg7 9. d4 cxd4 10. Nxd4 0-0 11. b3 Rc8 12. Bb2 Qa5 13. Nd5 Bxd5 14. exd5 Rfe8 15. Re3 Qb6 16. a4 a6 17. a5 Qd8 18. Qe2 Rc5 19. b4 Rc7 20. b5 axb5 21. Nxb5 Rc8 22. h3 Ra8 23. Re1 Kf8 24. Bc3 Ra6 25. g4 Qd7 26. Qb2 b6 27. Bxf6 Bxf6 28. Qxf6 exf6 29. Rxe8+ Qxe8 30. Rxe8+ Kxe8 31. Nc7+ Kd7 32. Nxa6 bxa5 33. Kf1 Kc8 34. c5 dxc5 35. Nxc5 Kc7 36. Ne4 a4 37. Ke2 a3 38. Nc3 Kd6 39. Ke3 a2 40. Nxa2 Kxd5 41. Nc3+ Ke5 42. f4+ Ke6 43. Ke4 f5+ 44. gxf5+ gxf5+ 45. Kd4 1-0

[Event "Lille Luce op 3rd"]
[Site "Lille"]
[Date "2012.04.25"]
[Round "3"]
[White "Guilleux, Fabien"]
[Black "Froment, Theophile"]
[Result "1-0"]
[WhiteElo "2447"]
[BlackElo "1900"]
[PlyCount "54"]
[EventDate "2012.04.23"]
[EventType "swiss"]
[EventRounds "8"]
[EventCountry "FRA"]
[SourceTitle "CBM 148 Extra"]
[Source "ChessBase"]
[SourceDate "2012.06.22"]
[SourceVersion "1"]
[SourceVersionDate "2012.06.22"]
[SourceQuality "1"]

1. c4 g6 2. Nc3 Bg7 3. g3 c5 4. Bg2 Nc6 5. Nh3 e5 6. a3 d6 7. Rb1 a5 8. d3 Nge7 9. e3 0-0 10. Ng1 Rb8 11. Nge2 f5 12. 0-0 Be6 13. Nd5 Bf7 14. Nec3 Nxd5 15. cxd5 Ne7 16. Bd2 b5 17. b4 cxb4 18. axb4 a4 19. Qe2 Qd7 20. Rbc1 Rfc8 21. e4 f4 22. Bf3 h5 23. g4 Rf8 24. Kh1 g5 25. gxh5 Qh3 26. Bg4 Bxh5 27. Bxh3 Bxe2 1-0

[Event "Lille Luce op 3rd"]
[Site "Lille"]
[Date "2012.04.25"]
[Round "4"]
[White "Vorobiov, Evgeny E"]
[Black "Guilleux, Fabien"]
[Result "1/2-1/2"]
[WhiteElo "2580"]
[BlackElo "2447"]
[PlyCount "79"]
[EventDate "2012.04.23"]
[EventType "swiss"]
[EventRounds "8"]
[EventCountry "FRA"]
[SourceTitle "CBM 148 Extra"]
[Source "ChessBase"]
[SourceDate "2012.06.22"]
[SourceVersion "1"]
[SourceVersionDate "2012.06.22"]
[SourceQuality "1"]

1. Nf3 Nf6 2. c4 g6 3. Nc3 Bg7 4. e4 d6 5. d4 0-0 6. h3 e5 7. d5 Nh5 8. Nh2 Qe8 9. Be2 Nf4 10. Bf3 f5 11. h4 Na6 12. g3 Nh5 13. exf5 e4 14. Be2 e3 15. g4 exf2+ 16. Kxf2 Nf6 17. Kg2 gxf5 18. g5 Ne4 19. Bd2 Nac5 20. Bf3 Nd3 21. Qc2 Qe5 22. Nf1 Qd4 23. Be3 Qxc4 24. Nd2 Nxd2 25. Bxd2 f4 26. b3 Qd4 27. Ne4 Bg4 28. Raf1 Bxf3+ 29. Rxf3 Ne5 30. Bc3 Qxd5 31. Bxe5 Bxe5 32. Rd1 Qf7 33. Qc4 Kh8 34. Qxf7 Rxf7 35. Kh3 Kg7 36. h5 Kf8 37. Kh4 Re7 38. Nf2 Kg8 39. Nh3 Re6 40. Kg4 1/2-1/2

[Event "Paris-ch op-A 86th"]
[Site "Paris"]
[Date "2011.07.06"]
[Round "5"]
[White "Zysk, Robert"]
[Black "Guilleux, Fabien"]
[Result "1/2-1/2"]
[WhiteElo "2437"]
[BlackElo "2388"]
[PlyCount "71"]
[EventDate "2011.07.02"]
[EventType "swiss"]
[EventRounds "9"]
[EventCountry "FRA"]
[SourceTitle "CBM 143 Extra"]
[Source "ChessBase"]
[SourceDate "2011.08.29"]
[SourceVersion "1"]
[SourceVersionDate "2011.08.29"]
[SourceQuality "1"]

1. Nf3 Nf6 2. c4 g6 3. g3 Bg7 4. Bg2 0-0 5. 0-0 d5 6. d4 dxc4 7. Na3 c5 8. Nxc4 Nc6 9. dxc5 Qxd1 10. Rxd1 Ne4 11. Be3 Be6 12. Rac1 Rfd8 13. Rd3 Nb4 14. Nfe5 Nxd3 15. exd3 Nxc5 16. Bxc5 Bxc4 17. Nxc4 Rac8 18. Bxe7 Rxd3 19. Bf1 Rd7 20. Re1 Re8 21. Bb4 Rxe1 22. Bxe1 Rd1 23. Bb4 b5 24. Ne3 Ra1 25. b3 a6 26. Bc5 Rxa2 27. Nd5 Rc2 28. b4 a5 29. Bxb5 axb4 30. Bxb4 Bd4 31. Be1 Rc5 32. Bc6 Kg7 33. Bb7 Rb5 34. Bc6 Rc5 35. Bb7 Rb5 36. Bc6 1/2-1/2